000 00648nam a2200229 a 4500
001 BRL_836
005 20190320210922.0
008 151013s1922----gw-a######---#000-0#ger-#
041 _ager
044 _agw
050 4 _aN5350
_b.F434 1922
100 1 _aFechheimer, Hedwig
_925089
245 1 0 _aDie Plastik der Ägypter
_bmit 158 abbildungen
_cvon Hedwig Fechheimer.
260 _aBerlin
_bBruno Cassirer
_c1922
300 _a36 p.
_bil., 158 láminas
_c26 cm.
440 0 _aDie kunst des ostens
_vBand 3
_925090
500 _aAu928
650 1 4 _aArte egipcio
_925091
651 4 _aEgipto
_xAntigüedades
_916621
902 _aGRL
942 _2lcc
_cB
999 _c9648
_d9648